Totally amazing spiders / (Record no. 534957)
[ view plain ]
| 000 -LEADER | |
|---|---|
| fixed length control field | 01321cam a2200361 a 4500 |
| 001 - CONTROL NUMBER | |
| control field | 148712 |
| 003 - CONTROL NUMBER IDENTIFIER | |
| control field | NUST |
| 005 - DATE AND TIME OF LATEST TRANSACTION | |
| control field | 20200824135155.0 |
| 008 - FIXED-LENGTH DATA ELEMENTS--GENERAL INFORMATION | |
| fixed length control field | 980121s1998 nyua c 001 0 eng d |
| 010 ## - LIBRARY OF CONGRESS CONTROL NUMBER | |
| LC control number | 98084145 |
| 020 ## - INTERNATIONAL STANDARD BOOK NUMBER | |
| International Standard Book Number | 0307201600 |
| 035 ## - SYSTEM CONTROL NUMBER | |
| System control number | (DLC) 98084145 |
| 035 ## - SYSTEM CONTROL NUMBER | |
| System control number | (OCoLC)40710345 |
| 038 ## - RECORD CONTENT LICENSOR | |
| Staff Name | AZHAR |
| 040 ## - CATALOGING SOURCE | |
| Original cataloging agency | CtStrB |
| Transcribing agency | CtStrB |
| Modifying agency | CoD |
| -- | DLC |
| 042 ## - AUTHENTICATION CODE | |
| Authentication code | lccopycat |
| -- | lcac |
| 050 00 - LIBRARY OF CONGRESS CALL NUMBER | |
| Classification number | QL458.4 |
| Item number | .M65 1998 |
| 082 00 - DEWEY DECIMAL CLASSIFICATION NUMBER | |
| Classification number | 595.4/4 |
| Edition number | 21 |
| Author Mark | CHR |
| 100 1# - MAIN ENTRY--PERSONAL NAME | |
| Personal name | Morley, Christine, |
| Dates associated with a name | 1967- |
| 9 (RLIN) | 29404 |
| 245 10 - TITLE STATEMENT | |
| Title | Totally amazing spiders / |
| Statement of responsibility, etc. | [author, Christine Morley ; illustrations, Phillip Morrison]. |
| 260 ## - PUBLICATION, DISTRIBUTION, ETC. | |
| Place of publication, distribution, etc. | New York : |
| Name of publisher, distributor, etc. | Golden Books Pub. Co., |
| Date of publication, distribution, etc. | c1998. |
| 300 ## - PHYSICAL DESCRIPTION | |
| Extent | 32 p. : |
| Other physical details | col. ill. ; |
| Dimensions | 28 cm. |
| 440 #0 - SERIES STATEMENT/ADDED ENTRY--TITLE | |
| Title | Totally amazing golden books |
| 9 (RLIN) | 29405 |
| 500 ## - GENERAL NOTE | |
| General note | "A Golden book, New York." |
| 500 ## - GENERAL NOTE | |
| General note | Includes index. |
| 521 1# - TARGET AUDIENCE NOTE | |
| Target audience note | "Ages 7-11"--P. [4] of cover. |
| 650 #0 - SUBJECT ADDED ENTRY--TOPICAL TERM | |
| Topical term or geographic name entry element | Spiders |
| Form subdivision | Miscellanea |
| -- | Juvenile literature. |
| 9 (RLIN) | 29406 |
| 650 #1 - SUBJECT ADDED ENTRY--TOPICAL TERM | |
| Topical term or geographic name entry element | Spiders |
| Form subdivision | Miscellanea. |
| 9 (RLIN) | 29407 |
| 700 1# - ADDED ENTRY--PERSONAL NAME | |
| Personal name | Morrison, Phillip, |
| Relator term | ill. |
| 9 (RLIN) | 29408 |
| 906 ## - LOCAL DATA ELEMENT F, LDF (RLIN) | |
| a | 7 |
| b | cbc |
| c | copycat |
| d | 2 |
| e | opcn |
| f | 19 |
| g | y-gencatlg |
| 942 ## - ADDED ENTRY ELEMENTS (KOHA) | |
| Source of classification or shelving scheme | |
| Koha item type | Book |
| Withdrawn status | Lost status | Source of classification or shelving scheme | Damaged status | Not for loan | Permanent Location | Current Location | Shelving location | Date acquired | Source of acquisition | Total Checkouts | Full call number | Barcode | Date last seen | Price effective from | Koha item type |
|---|---|---|---|---|---|---|---|---|---|---|---|---|---|---|---|
| Central Library (CL) | Central Library (CL) | General Stacks | 08/24/2020 | Donation | 595.4/4 CHR | CL-D-946 | 09/08/2020 | 08/24/2020 | Book |
